000 00446nam a2200193Ia 4500
005 20240823021851.0
008 240823s9999||||xx |||||||||||||| ||und||
020 _a1-8468-4094-5
041 _aENGLISH
082 _A401.43 P7
100 _a"Harris,Roy"
245 4 _aThe Semantics of Science
250 _a1st
260 _c2007
_b"Viva,New "
_aNew Delhi
500 _aYES
650 _aScience
_bGeneral
942 _cBK
999 _c177901
_d177901